| 000 | 00683nam a2200217Ia 4500 | ||
|---|---|---|---|
| 005 | 20260601193254.0 | ||
| 008 | 260601s9999||||xx |||||||||||||| ||und|| | ||
| 020 |
_a978-3-031-68639-9 _qebk |
||
| 100 | _aMufti Mahmud | ||
| 245 | 0 | _aApplied Intelligence and Informatics | |
| 250 | _a2024 | ||
| 260 |
_aHeidelberg, Germany _bSpringer Nature _c2024 |
||
| 440 | _aCommunications in Computer and Information Science | ||
| 650 | _aComputer Science | ||
| 700 | _aHanene Ben-Abdallah | ||
| 700 | _aM. Shamim Kaiser | ||
| 700 | _aMuhammad Raisuddin Ahmed | ||
| 700 | _aNing Zhong | ||
| 856 | _uhttps://link.springer.com/openurl?genre=book&isbn=978-3-031-68639-9 | ||
| 942 |
_cEB _2ddc |
||
| 999 |
_c56804 _d56804 |
||